000
00296nam a2200109Ia 4500
008
220204s9999 xx 000 0 und d
082
_a
658.3
_b
FUL
100
_a
Fulmer, Robert M
245
0
_a
Supervision: Prinicples of professional management
260
_a
California
_b
Glencoe
_c
1976
942
_c
BK
999
_c
25623
_d
25623